Normal view
MARC view
- التحكيم - (قانون المرافعات - مصر - السعودية - فرنسا - ايطاليا )
Entry Topical Term
001 - CONTROL NUMBER
- control field: 46388
003 - CONTROL NUMBER IDENTIFIER
- control field: JO-AjAnu
005 - DATE AND TIME OF LATEST TRANSACTION
- control field: 20230606081651.0
008 - FIXED-LENGTH DATA ELEMENTS
- fixed length control field: 230606|| aca||aabn | a|a d
040 ## - CATALOGING SOURCE
- Original cataloging agency: JO-AjAnu
- Transcribing agency: JO-AjAnu
150 ## - HEADING--TOPICAL TERM
- Topical term or geographic name entry element: التحكيم - (قانون المرافعات - مصر - السعودية - فرنسا - ايطاليا )
670 ## - SOURCE DATA FOUND
- Source citation: Work cat.: (JO-AjAnu)23743: القرايرى، آمال حمد, author 46387, دور قضاء الدولة في تحقيق فاعلية التحكيم : دراسة تأصلية مقارنة بين النظام القضائي المصري - السعودي - الفرنسي - الإيطالي